000 00978nam a22002895i 4500
001 11382
003 ES-MaACL
005 20250818071043.0
007 t|
008 921104s1992 sp ||||0| spa j
020 _a84-7100-576-X
040 _aM-BN
_bspa
_cM-BN
080 _a323.272(460)"18"
080 _a323.272(8=60)"18"
100 1 _aGuerra, Francois-Xavier.
_960490
245 1 0 _aModernidad e independencias
_b: ensayos sobre las revoluciones hispánicas /
_cFrancois-Xavier Guerra.
260 _aMadrid :
_bMAPFRE,
_c[1992]
300 _a406 p ;
_c23 cm.
490 1 _aColección Relaciones entre España y América ;
_v16
500 _aIndices.
504 _aBibliografía: p. [387]-398.
650 1 4 _aRevoluciones-
_zEspaña-
_yS.XIX
_916900
650 1 4 _aRevoluciones-
_zAmérica española
_916898
830 0 0 _aColección Relaciones entre España y América
_v16
_9179037
852 _aES-MaACL
_jL-18706
_bR.124068
999 _c11382
_d11382